000 00388nam a22001697a 4500
003 MACL
005 20160115160102.0
008 160115b xxu||||| |||| 00| 0 eng d
040 _cMACL
041 _aEnglish
082 _a001/JAI
100 _aJain Subhash
_932664
245 _aCracking IIT-JEE
260 _aNew Delhi
_bOcean Books
_c2011
650 _aG.K
_932665
942 _2ddc
_cBK
999 _c52491
_d52491